| 000 -LEADER |
| fixed length control field |
00710nam a22000977a 4500 |
| 008 - FIXED-LENGTH DATA ELEMENTS--GENERAL INFORMATION |
| fixed length control field |
171209b xxu||||| |||| 00| 0 eng d |
| 100 ## - MAIN ENTRY--AUTHOR'S NAME |
| Author's Name |
Bofarull, Salvador |
| 245 ## - TITLE STATEMENT |
| Title |
Tabaco y filatelia |
| 260 ## - PUBLICATION, DISTRIBUTION, ETC. (IMPRINT) |
| Place of publication, distribution, etc. |
Madrid Spain |
| Name of publisher, distributor, etc. |
EDIFIL, S.A. |
| Date of publication, distribution, etc. |
2006 |
| 650 ## - TOPICAL TERM (Tag) |
| Topical term or geographic name |
Topical Collecting -- Tobacco | Topical Collecting -- Botany | Topical Collecting -- History | Topical Collecting -- Famous People | Topical Collecting -- Health | Revenues | Cinderella Material | Postal History | Postal Markings | Covers | Pre-adhesive Covers | Official Mail | United States -- Maryland -- Port Tobacco | Postal Markings -- Slogan | Machine Cancels | Advertisements | Postal Stationery -- Advertising | Postal Stationery | First Days | Bibliographies |